00474nam a2200169Ia 4500020001800000082002000018100003000038245003000068260003100098300001200129504001900141650002800160650002800188650003000216650003000246650002800276 a81-87374-06-3 a327.54051 BHA-C aBhattacharjea, Mira Sinh; 0aChina the world and India aNew DelhibSamskritic2001 axv, 480 aIncludes index aIndia - Economic policy aChina - Economic policy aChina - Foreign relations aIndia - Foreign relations aInternational relations